| 000 | 00406nam a2200157Ia 4500 | ||
|---|---|---|---|
| 008 | 210210b1999 xxu||||| |||| 00| 0 eng d | ||
| 020 | _a81 7371 230 1 | ||
| 082 | _a650.02 WEBW | ||
| 100 | _aWEBER (Eugene). | ||
| 245 | _aWisdom of business:a book of maxims. | ||
| 260 |
_aHyderabad _bUniversities Press _c1999 |
||
| 300 | _aiv,214 | ||
| 650 | _aWisdom | ||
| 690 | _aBusiness Studies | ||
| 906 | _a055979 | ||
| 999 |
_c103265 _d103265 |
||